00375nam a2200145Ia 4500008004100000100002100041245002400062245002000086260002400106260000900130300002300139440003200162650001200194650002300206190516s9999 xx 000 0 und d aTomada, Nathalie aGoyo makes history/ cNathalie Tomada bThe Philippine Star c2018 aPage C6, August 27 aThe Philippine Starv33: 31 ahistory amade for tv movies